| 000 | 00689nam a2200205 a 4500 | ||
|---|---|---|---|
| 005 | 20251210064120.0 | ||
| 008 | 011031s2001 r 000 0 eng d | ||
| 020 | _a8449311810 | ||
| 035 | _aUPN01000113663 | ||
| 049 | _aCG | ||
| 050 | 4 |
_aRJ506 A9 _bS7.38 |
|
| 100 | 1 | _aStanton, Mike | |
| 245 | 1 | 0 |
_aConvivir con el autismo : _buna orientación para padres y educadores / _cMike Stanton ; tr. Genís Sánchez Barberán. |
| 260 |
_aBarcelona, Esp. : _bPaidós, _c2001. |
||
| 300 | _a133 p. | ||
| 440 | 0 |
_aGuías para padres ; _v63 |
|
| 534 |
_pTraducción de: _tLearning to live with high functioning autism |
||
| 650 | 2 |
_aAutismo infantil _92897 |
|
| 650 | 7 |
_aSíndrome de Asperger _2 _95086 |
|
| 999 |
_c87571 _d87571 |
||